Statistics for The 7th, 8th, 9th and 10th Century BC Quiz

Click here to take the quiz!

General Stats

  • This quiz has been taken 50 times
  • The average score is 15 of 20

Answer Stats

Year Description Answer % Correct
776 BCThis quadrennial sporting event is held for the first time{Olympic} Games
100%
965 BCThis key figure of the Bible, who killed Goliath with a slingshot, diesDavid
97%
9th century BCThis Greek city and rival of Athens is foundedSparta
97%
753 BCAccording to legend, this city is founded by Romulus and RemusRome
97%
late 8th century BCHomer writes these two well-known epic poemsIliad
92%
late 8th century BCHomer writes these two well-known epic poemsOdyssey
90%
814 BCThis city near modern-day Tunis is foundedCarthage
90%
c. 843 BCThis people group of present-day Iran is historically recorded for the first timePersians
90%
7th century BCThis Egyptian city (and namesake of a Tennessee city) is abandonedMemphis
87%
9th century BCThis Italian city is founded as a "new city" (Neapolis)Naples
87%
660 BCJimmu becomes the first Emperor (TennĊ) of this countryJapan
74%
c. 950 BCThis holy Jerusalem temple, also known as the First Temple, is erected{Solomon}'s Temple
67%
7th century BCThis practice of abstaining from the consumption of meat is used in PakistanVegetarianism
64%
609 / 612 BCThis Mesopotamian kingdom collapsesAssyria
64%
7th century BCThis type of infantry formation with interlocking shields is used for the first timePhalanx
62%
734 BCThis Sicilian city, later hometown of Archimedes, is foundedSyracuse
56%
c. 630 BCThis lesbian poet is born on the island of LesbosSappho
54%
657 BCThe Greeks colonize this city on the shores of the BosphorusByzantium
51%
720 BCThis kingdom and rival of Judah collapsesKingdom of {Israel}
44%
c. 620 BCThis city is founded as the Greek colony of MassaliaMarseille
41%

Score Distribution

Percentile by Number Answered

Percent of People with Each Score

Your Score History

You have not taken this quiz